Mineralogía asturiana (Record no. 54654)

MARC details
000 -LEADER
campo de control de longitud fija 00644nam a2200169 i 4500
001 - NÚMERO DE CONTROL
campo de control 54654
003 - IDENTIFICADOR DE NÚMERO DE CONTROL
campo de control ES-MaACL
007 - CAMPO FIJO DE DESCRIPCIÓN FÍSICA--INFORMACIÓN GENERAL
campo de control de longitud fija t|
008 - DATOS DE LONGITUD FIJA--INFORMACIÓN GENERAL
campo de control de longitud fija 931025s1880 sp ||||1| spa d
040 ## - FUENTE DE CATALOGACIÓN
Centro catalogador/agencia de origen AS
Lengua de catalogación spa
100 1# - ENTRADA PRINCIPAL--NOMBRE DE PERSONA
Nombre de persona Fuertes Acevedo, Máximo.
9 (RLIN) 52961
245 10 - MENCIÓN DEL TÍTULO
Título Mineralogía asturiana
Resto del título : catálogo descritivo de las sustancias así metálicas como lapídeas de provincia de Asturias, seguido de breves consideraciones acerca de su importancia industrial /
Mención de responsabilidad, etc. por Máximo Fuertes Acevedo.
250 ## - MENCION DE EDICION
Mención de edición 1ª ed.
260 ## - PUBLICACIÓN, DISTRIBUCIÓN, ETC.
Lugar de publicación, distribución, etc. Oviedo :
Nombre del editor, distribuidor, etc. [s.n.],
Fecha de publicación, distribución, etc. 1880 (
Fabricante Imp. y lit. de Vicente Brid)
300 ## - DESCRIPCIÓN FÍSICA
Extensión 404 p. ;
Dimensiones 16 cm.
852 ## - LOCALIZACIÓN
Ubicación ES-MaACL
Número de control de estantería G-14935
Holdings
Estatus retirado Estado de pérdida Estado de daño No para préstamo Colección Biblioteca de origen Biblioteca actual Ubicación en estantería Fecha de adquisición Fuente de adquisición Total de préstamos Signatura topográfica completa Código de barras Visto por última vez Precio de reemplazo Tipo de ítem Koha
        Libros del s. XIX Biblioteca del Ateneo de Madrid Biblioteca del Ateneo de Madrid Sala Pecera Planta 3 17/01/2008     G-14935 1057429 23/02/2023 23/02/2023 Libro impreso antiguo